000 01267nam2a22002531 4500
001 RU\NLR\INFOCOMM21\5000048541
005 20240619112753.0
035 _a(NLR Aleph) 002408710
090 _a1804515
_c1804515
100 _a20050127d1951 |||y0rusy50 ca
101 0 _arus
102 _aRU
105 _ay ||||000|y
200 1 _aХроматографический метод установления идентичности настоек и экстрактов
_fГ.Е. Колякова
210 _d1951
461 0 _1001RU\NLR\INFOCOMM21\5000048513
_12001#$aИнформационное письмо$fМ-во здрав. РСФСР. Главаптекоуправление. Центр. науч.-исслед. аптечный ин-т "ЦАНИИ"$v№ 34
_91804457
_aЦентральный аптечный НИИ (Москва)
_cМ.
_d1946-1952
_fМ-во здрав. РСФСР. Главаптекоуправление. Центр. науч.-исслед. аптечный ин-т "ЦАНИИ"
_tИнформационное письмо
_v№ 34
700 1 _aКолякова
_bГ. Е.
_4070
801 0 _aRU
_bNLR
_gPSBO
801 1 _aRU
_bInfoComm
_c20050127
852 _aNLR
_jП16/408
942 _cISSUE
980 _aNB
980 _aRUSPER